[Event "4NCL Division 4 South"]
[Site "Telford, ENG"]
[Date "2016.05.02"]
[Round "11.205"]
[White "Levens, David G"]
[Black "Karia, Kamlesh"]
[Result "1-0"]
[WhiteElo "1938"]
[BlackElo "1637"]
[Annotator "Carr,Matt"]
[PlyCount "243"]
[EventDate "2016.05.02"]
[WhiteTeam "Ashfield-Breadsall 2"]
[BlackTeam "Barnet Knights 3"]

1. d4 d5 2. e3 Nf6 3. Nf3 c5 4. b3 Nc6 5. Bb2 e6 6. Bd3 a5 7. Bb5 Bd7 8. Nbd2
cxd4 9. exd4 Bd6 10. O-O O-O 11. Qe2 Qc7 12. c4 Rfe8 13. Ne5 Ne7 14. Bxd7 Nxd7
15. Rac1 Nc6 16. f4 f6 17. Nd3 Nf8 18. c5 Be7 19. a3 Bd8 20. b4 axb4 21. axb4
b5 22. Ra1 Be7 23. f5 exf5 24. Qf3 Qd7 25. Rxa8 Rxa8 26. Qxf5 Qxf5 27. Rxf5 Rd8
28. Rf1 Ne6 29. Nb3 Ra8 30. Bc3 Bd8 31. Rf5 Nc7 32. Na5 Ne7 33. Rf1 Ne6 34. Re1
Kf7 35. g4 h6 36. Kg2 Bc7 37. Nb3 Nc6 38. h4 Ra2+ 39. Kf3 Rh2 40. Ra1 Rh3+ 41.
Ke2 Rh2+ 42. Kd1 Rh1+ 43. Ne1 Bg3 44. Ra6 Ncxd4 45. Ra7+ Kg6 46. h5+ Kh7 47.
Bxd4 Bxe1 48. Kc2 Nxd4+ 49. Nxd4 Bxb4 50. Ne6 Bxc5 51. Nxc5 Rg1 52. Nd7 Kg8 53.
Rb7 Rxg4 54. Rxb5 Rg5 55. Nb6 Rxh5 56. Nxd5 Rh2+ 57. Kd3 Kh7 58. Nf4 Ra2 59.
Rb7 Ra8 60. Nh5 Kg6 61. Nxg7 h5 62. Ne6 Rh8 63. Ke4 Rg8 64. Nf4+ Kh6 65. Rf7
Re8+ 66. Kf5 Re5+ 67. Kxf6 Ra5 68. Rf8 Ra6+ 69. Ne6 Kh7 70. Ke5 Ra5+ 71. Kf4
Ra4+ 72. Kg3 h4+ 73. Kh3 Kg6 74. Rf3 Kh5 75. Rf5+ Kg6 76. Rb5 Kf7 77. Ng5+ Kf6
78. Nf3 Ra3 79. Kg2 h3+ 80. Kf2 Ra2+ 81. Kg3 Ra3 82. Rh5 Ke6 83. Rxh3 Kd5 84.
Rh4 Ra8 85. Rd4+ Kc5 86. Rf4 Rg8+ 87. Kf2 Kd5 88. Nd2 Ke5 89. Ke3 Rg3+ 90. Nf3+
Kd6 91. Ke4 Rg8 92. Rf5 Re8+ 93. Kd4 Rd8 94. Ng5 Kc6+ 95. Kc4 Rd1 96. Ne4 Rc1+
97. Nc3 Kd6 98. Kd4 Ke6 99. Rb5 Kf6 100. Ne4+ Kg6 101. Rg5+ Kf7 102. Ke5 Rc2
103. Rg3 Re2 104. Rf3+ Ke7 105. Rh3 Kd7 106. Rh6 Ra2 107. Nc5+ Kc7 108. Ne6+
Kc6 109. Nd4+ Kd7 110. Rh7+ Kc8 111. Kd6 Rd2 112. Rh8+ Kb7 113. Kc5 Rd1 114.
Rh7+ Kc8 115. Ne6 Rc1+ 116. Kd6 Rd1+ 117. Kc6 Rc1+ 118. Nc5 Rd1 119. Rc7+ Kb8 {
[%emt 0:00:08]} 120. Nd7+ Ka8 121. Nb6+ Kb8 122. Rb7# 1-0

[Event "4NCL Division 4 South"]
[Site "Telford, ENG"]
[Date "2016.05.02"]
[Round "11.99"]
[White "Sahinoz, Giulio O"]
[Black "Flynn, David"]
[Result "0-1"]
[WhiteElo "1525"]
[BlackElo "1861"]
[PlyCount "98"]
[EventDate "2016.05.02"]

1. d4 Nf6 2. c4 g6 3. Nc3 d5 4. cxd5 Nxd5 5. e4 Nxc3 6. bxc3 Bg7 7. Bc4 c5 8.
Be3 O-O 9. h3 Nc6 10. Nf3 Qa5 11. Qd2 cxd4 12. cxd4 Qxd2+ 13. Kxd2 Rd8 14. Kc3
b6 15. Rad1 Bb7 16. e5 Rac8 17. Rc1 Na5 18. Kd3 Nxc4 19. Rxc4 Ba6 20. Rhc1 e6
21. Nd2 Bxe5 22. Ke4 Bxc4 23. Rxc4 Rxc4 24. Nxc4 Bf6 25. a4 Rd5 26. Kd3 Kf8 27.
Kc3 Ke8 28. Nd2 Kd7 29. Nb3 Kc6 30. Kc4 h5 31. f4 Be7 32. g3 b5+ 33. axb5+ Rxb5
34. Bd2 Rxb3 35. Kxb3 Kd5 36. Kc3 Bf6 37. Kd3 Bxd4 38. g4 Bb6 39. g5 a5 40. h4
a4 41. Bc1 Bf2 42. Ke2 Bxh4 43. Kf3 Be1 44. Ke2 Bb4 45. Kf3 a3 46. Ke3 a2 47.
Bb2 Bc5+ 48. Kd3 h4 49. Ke2 Bd4 0-1

[Event "4NCL Division 4 South"]
[Site "Telford, ENG"]
[Date "2016.05.02"]
[Round "11.99"]
[White "Taylor, Robert P"]
[Black "Balouka-Myers, Raphael"]
[Result "1-0"]
[WhiteElo "1893"]
[BlackElo "1457"]
[PlyCount "77"]
[EventDate "2016.05.02"]

1. d4 Nf6 2. Bg5 g6 3. Nd2 Bg7 4. e4 d6 5. Bd3 e5 6. dxe5 dxe5 7. Ne2 Nbd7 8.
b4 O-O 9. O-O Qe7 10. c3 h6 11. Bh4 b6 12. f3 Bb7 13. Qb3 Rad8 14. Qc2 a5 15.
a3 Nb8 16. Rfd1 Qd7 17. Nf1 Qe7 18. Ne3 Nbd7 19. Rd2 Bc6 20. Rad1 Rfe8 21. Bc4
b5 22. Ba2 axb4 23. axb4 Kh8 24. Nd5 Bxd5 25. Bxd5 g5 26. Bf2 Nxd5 27. Rxd5 Nf6
28. Rxb5 Rxd1+ 29. Qxd1 Rd8 30. Qf1 Qd7 31. Ng3 Qd2 32. Qc4 Qc1+ 33. Nf1 Rd1
34. g3 Ne8 35. Rb8 Kh7 36. Rxe8 Qb1 37. Kg2 Qc2 38. Qxf7 Qe2 39. Qf5# 1-0

[Event "4NCL Division 4 South"]
[Site "Telford, ENG"]
[Date "2016.05.02"]
[Round "11.99"]
[White "Balouka-Myers, Toby"]
[Black "Graham, Neil"]
[Result "0-1"]
[WhiteElo "1465"]
[BlackElo "1832"]
[PlyCount "80"]
[EventDate "2016.05.02"]

1. c4 Nf6 2. g3 g6 3. Bg2 Bg7 4. Nc3 O-O 5. e3 c5 6. Nf3 d6 7. O-O Nc6 8. d4 a6
9. d5 Na7 10. Re1 b5 11. Qb3 Bd7 12. a3 Rb8 13. Rb1 a5 14. Qa2 Qc7 15. b4 cxb4
16. axb4 bxc4 17. Qxa5 Qxa5 18. bxa5 Rxb1 19. Nxb1 Nxd5 20. Nfd2 Nc3 21. Ba3
Be6 22. Bf1 Nxb1 23. Nxb1 Nc6 24. a6 Ra8 25. Rc1 Rxa6 26. Bxc4 Bxc4 27. Rxc4 f5
28. Kg2 Kf7 29. Rf4 Rb6 30. Nd2 d5 31. g4 Ra6 32. Bc5 e5 33. Rf3 e4 34. Rh3
fxg4 35. Rxh7 g5 36. Bf8 Kxf8 37. Rh5 Bf6 38. Kg3 Kg7 39. Kxg4 Kg6 40. f3 Ne5+
0-1

[Event "4NCL Division 4 South"]
[Site "Telford, ENG"]
[Date "2016.05.02"]
[Round "11.99"]
[White "Hill, Maurice J"]
[Black "Adjudani, Dara"]
[Result "1-0"]
[WhiteElo "1802"]
[BlackElo "1240"]
[PlyCount "57"]
[EventDate "2016.05.02"]

1. g3 g6 2. Bg2 Bg7 3. d4 Nf6 4. Nf3 d6 5. O-O O-O 6. c4 a6 7. Nc3 Bg4 8. h3
Bd7 9. Qc2 b5 10. cxb5 axb5 11. e4 b4 12. Ne2 Bb5 13. Re1 Nbd7 14. Be3 Re8 15.
d5 e5 16. dxe6 Rxe6 17. Ned4 Rxe4 18. Nxb5 c5 19. Ng5 b3 20. Qxb3 Rb4 21. Qxf7+
Kh8 22. Ne6 Qg8 23. Qxg7+ Qxg7 24. Nxg7 Kxg7 25. Bxa8 Rxb5 26. Bf4 Ng8 27. Bc6
Rxb2 28. Bxd7 Rb7 29. Bc6 1-0

[Event "4NCL Division 4 South"]
[Site "Telford, ENG"]
[Date "2016.05.02"]
[Round "11.99"]
[White "Willmoth, Kate"]
[Black "Booley, Graham M"]
[Result "0-1"]
[WhiteElo "932"]
[BlackElo "1800"]
[PlyCount "54"]
[EventDate "2016.05.02"]

1. e4 e5 2. Nf3 Nc6 3. Bc4 Bc5 4. c3 Nf6 5. d3 h6 6. Nbd2 d6 7. b4 Bb6 8. O-O
O-O 9. Bb2 Ne7 10. Qb3 Ng6 11. Rad1 c6 12. Rde1 Bc7 13. Re2 b5 14. Bxf7+ Rxf7
15. d4 Qe7 16. c4 bxc4 17. Qxc4 Qd7 18. d5 Nf4 19. Re3 cxd5 20. exd5 Bb7 21.
Rc1 Rc8 22. Rec3 Qg4 23. g3 Bxd5 24. Qa6 Ne4 25. Qxa7 Nxc3 26. Rxc3 Ne2+ 27.
Kf1 Nxc3 0-1

[Event "4NCL Division 4 South"]
[Site "Telford, ENG"]
[Date "2016.05.02"]
[Round "11.33"]
[White "Taylor, William J"]
[Black "Munshi, Aditya"]
[Result "1-0"]
[WhiteElo "1991"]
[BlackElo "1930"]
[PlyCount "121"]
[EventDate "2016.05.02"]

1. e4 e6 2. d4 d5 3. Nd2 Nf6 4. e5 Nfd7 5. Bd3 c5 6. c3 Nc6 7. Ne2 Qb6 8. Nf3
Be7 9. O-O O-O 10. Ng3 cxd4 11. cxd4 f6 12. Be3 fxe5 13. Nxe5 Nf6 14. Nh5 Bd6
15. Nxf6+ Rxf6 16. Bg5 Bxe5 17. dxe5 Nxe5 18. Bxf6 gxf6 19. b3 Bd7 20. Rc1 Rd8
21. Kh1 Kh8 22. a4 Qd4 23. Bc2 Qh4 24. f3 Bc6 25. Qe1 Qf4 26. Rd1 d4 27. Be4
Rd6 28. Bxc6 Nxc6 29. b4 d3 30. b5 Nb4 31. Qc3 Kg7 32. Rfe1 Rd4 33. Rxe6 Rc4
34. Qe1 Na2 35. Qg3+ Qxg3 36. hxg3 Rd4 37. Re3 d2 38. Re2 Nc3 39. Rexd2 Rxa4
40. Rc1 Nxb5 41. Rd7+ Kg6 42. Rxb7 Nd6 43. Rd7 Nf5 44. g4 Ne3 45. Rd3 Rc4 46.
Rxc4 Nxc4 47. Rc3 Nd6 48. Ra3 Nc8 49. Kh2 Kf7 50. Ra6 Ke7 51. Kg3 Kd7 52. Rxf6
Kc7 53. Rf7+ Kb6 54. Rxh7 a5 55. g5 a4 56. g6 a3 57. g7 Ne7 58. Kg4 Kb5 59. Rh8
Kb4 60. g8=Q Nxg8 61. Rxg8 1-0

[Event "4NCL Division 4 South"]
[Site "Telford, ENG"]
[Date "2016.05.02"]
[Round "11.36"]
[White "Raghavendra, Mahima"]
[Black "Davies, Matthew"]
[Result "0-1"]
[WhiteElo "1802"]
[BlackElo "1953"]
[PlyCount "92"]
[EventDate "2016.05.02"]

1. d4 d5 2. c4 c6 3. Nf3 Nf6 4. g3 dxc4 5. Bg2 Nbd7 6. O-O e6 7. a4 Bb4 8. Bd2
Qe7 9. Qc2 a5 10. Qxc4 O-O 11. Qc2 e5 12. dxe5 Nxe5 13. Nxe5 Qxe5 14. Bc3 Bxc3
15. Nxc3 Qh5 16. e4 Ng4 17. h3 Ne5 18. Qe2 Qxe2 19. Nxe2 Nc4 20. Ra2 Nd2 21.
Rd1 Be6 22. Raa1 Rfd8 23. Nc3 Bb3 24. Re1 Nc4 25. Bf1 Rd2 26. Bxc4 Bxc4 27.
Rab1 Bb3 28. Re3 Rad8 29. e5 Bc2 30. Rbe1 Bb3 31. R3e2 Rxe2 32. Rxe2 Rd4 33.
Re1 Kf8 34. Ra1 Ke7 35. Kf1 Rb4 36. Ke1 Be6 37. h4 Rxb2 38. Rb1 Rxb1+ 39. Nxb1
b5 40. axb5 cxb5 41. Nd2 Bd5 42. Kd1 Ke6 43. f4 Kf5 44. Kc2 Kg4 45. Nb3 Bxb3+
46. Kxb3 g6 0-1

[Event "4NCL Division 4 South"]
[Site "Telford, ENG"]
[Date "2016.05.02"]
[Round "11.39"]
[White "Griffiths, Hywel"]
[Black "Rahulan, Thivyaa"]
[Result "1-0"]
[WhiteElo "1787"]
[BlackElo "1630"]
[PlyCount "91"]
[EventDate "2016.05.02"]

1. e4 e6 2. d4 d5 3. Nd2 Nf6 4. e5 Nfd7 5. Bd3 c5 6. c3 Nc6 7. Ne2 Qb6 8. Nf3
cxd4 9. cxd4 f6 10. exf6 Nxf6 11. O-O Bd6 12. Nc3 a6 13. a3 O-O 14. Be3 Bd7 15.
Qc2 h6 16. h3 Nh5 17. Qd2 Nf4 18. Ne5 Nxd3 19. Nxd7 Qc7 20. Nxf8 Rxf8 21. Qxd3
Qf7 22. Rae1 Qf6 23. f4 Qh4 24. Qg6 Rf6 25. Qg4 Qxg4 26. hxg4 Na5 27. f5 Nc4
28. Bc1 exf5 29. Nxd5 Rf8 30. Rxf5 Rd8 31. Ne7+ Kh7 32. Rf7 Bxe7 33. Rexe7 Rg8
34. Re6 Kh8 35. Bxh6 b5 36. Ree7 Nd6 37. Rxg7 Rxg7 38. Rxg7 Nc4 39. d5 b4 40.
axb4 a5 41. Rc7 axb4 42. Rxc4 b3 43. Re4 Kh7 44. d6 Kg8 45. Re7 Kh8 46. d7 1-0

[Event "4NCL Division 4 South"]
[Site "Telford, ENG"]
[Date "2016.05.02"]
[Round "11.35"]
[White "Ashworth, Robert"]
[Black "Donaghay, Richard H"]
[Result "1-0"]
[WhiteElo "1817"]
[BlackElo "1905"]
[PlyCount "51"]
[EventDate "2016.05.02"]

1. e4 d5 2. exd5 Nf6 3. Nf3 Nxd5 4. d4 Bf5 5. Bd3 Bxd3 6. Qxd3 Nd7 7. c4 N5f6
8. Nc3 g6 9. Bf4 Nc5 10. Qe2 Ne6 11. Be5 Bh6 12. Bxf6 Nf4 13. Qe4 O-O 14. Bg5
Bxg5 15. Nxg5 e5 16. Nf3 f5 17. Qc2 exd4 18. O-O-O d3 19. Qd2 Qd6 20. g3 Ne2+
21. Nxe2 dxe2 22. Qxe2 Qc6 23. Nd4 Qa6 24. Qe6+ Qxe6 25. Nxe6 Rf6 26. Rhe1 1-0

[Event "4NCL Division 4 South"]
[Site "Telford, ENG"]
[Date "2016.05.02"]
[Round "11.38"]
[White "Lovell, Steve"]
[Black "Desai, Nilomi"]
[Result "1-0"]
[WhiteElo "1782"]
[BlackElo "1690"]
[PlyCount "59"]
[EventDate "2016.05.02"]

1. e4 c6 2. d4 d5 3. f3 dxe4 4. fxe4 e6 5. Nf3 Nf6 6. Bd3 c5 7. c3 Qb6 8. Nbd2
Nc6 9. e5 Nd5 10. Ne4 cxd4 11. cxd4 Be7 12. Nc3 O-O 13. h4 Rd8 14. a3 a6 15.
Rb1 Qa7 16. g4 b5 17. Be4 Qb6 18. Nxd5 exd5 19. Bf5 b4 20. Qd3 g6 21. Bxc8
Raxc8 22. Be3 Bf8 23. h5 Na7 24. Bg5 Rd7 25. Bf6 Rdc7 26. hxg6 fxg6 27. Ng5
Rc1+ 28. Kf2 Rxb1 29. Qxg6+ hxg6 30. Rh8# 1-0

[Event "4NCL Division 4 South"]
[Site "Telford, ENG"]
[Date "2016.05.02"]
[Round "11.41"]
[White "Ashworth, Jaime"]
[Black "Balakrishnan, Kathirvel"]
[Result "0-1"]
[WhiteElo "1292"]
[BlackElo "1561"]
[PlyCount "42"]
[EventDate "2016.05.02"]

1. e4 e6 2. d4 d5 3. exd5 exd5 4. Nc3 Nf6 5. Bf4 c6 6. Nf3 Bb4 7. a3 Bd6 8. Bg3
Bxg3 9. hxg3 Bg4 10. Be2 Nbd7 11. O-O O-O 12. Ne5 Nxe5 13. dxe5 Bxe2 14. Qxe2
Re8 15. f4 h5 16. Qf3 Ng4 17. Rfe1 Re7 18. Re2 Qb6+ 19. Kh1 Qxb2 20. Ra2 Qc1+
21. Qf1 Qxf1# 0-1

[Event "4NCL Division 4 South"]
[Site "Telford, ENG"]
[Date "2016.05.02"]
[Round "11.34"]
[White "Kenning, Paul H"]
[Black "Bullen, Alex"]
[Result "1/2-1/2"]
[WhiteElo "1863"]
[BlackElo "2043"]
[PlyCount "127"]
[EventDate "2016.05.02"]

1. e4 c6 2. d4 d5 3. exd5 cxd5 4. c4 Nf6 5. Nc3 Nc6 6. Bg5 dxc4 7. d5 Ne5 8.
Nf3 Nd3+ 9. Bxd3 cxd3 10. Qxd3 e6 11. Rd1 exd5 12. O-O Be7 13. Bxf6 Bxf6 14.
Rfe1+ Be6 15. Qb5+ Qd7 16. Qxd5 Qxd5 17. Nxd5 O-O-O 18. Nxf6 gxf6 19. b3 Rxd1
20. Rxd1 Bg4 21. Rd3 Re8 22. Kf1 Bf5 23. Rd2 Be4 24. Nd4 Rd8 25. f3 Bb1 26. a3
Bf5 27. Ke1 Re8+ 28. Re2 Be6 29. Kf2 Kd7 30. Kg3 Rc8 31. Kf4 Rc3 32. Re3 Rc1
33. g4 Rd1 34. Ke4 Rh1 35. Re2 a6 36. Rd2 Re1+ 37. Kf4 Kc7 38. b4 Ra1 39. Rd3
Rh1 40. Kg3 Bc4 41. Rc3 b5 42. Nf5 Kd7 43. h4 Ra1 44. Kf4 Rd1 45. h5 Be6 46.
Ng3 Rd4+ 47. Ke3 Rd5 48. Ne4 Ke7 49. Rc7+ Rd7 50. Rc6 Ra7 51. Nc5 a5 52. Rb6
axb4 53. axb4 Ra3+ 54. Kf4 Bc4 55. Rb7+ Kd8 56. Rd7+ Ke8 57. Rd2 Ke7 58. Rd7+
Ke8 59. Rd2 Ke7 60. Ke4 Ra1 61. Kf5 Be6+ 62. Kf4 Rb1 63. Rd4 Bc4 64. Kf5
1/2-1/2

[Event "4NCL Division 4 South"]
[Site "Telford, ENG"]
[Date "2016.05.02"]
[Round "11.37"]
[White "Gregory, Andrew M"]
[Black "Szymanski, Mark"]
[Result "0-1"]
[WhiteElo "1930"]
[BlackElo "1891"]
[PlyCount "134"]
[EventDate "2016.05.02"]

1. g3 d5 2. Bg2 Nf6 3. c4 c6 4. cxd5 cxd5 5. d4 Nc6 6. Nc3 a6 7. Nf3 e6 8. O-O
Bd6 9. Bg5 h6 10. Bxf6 Qxf6 11. e4 dxe4 12. Nxe4 Qd8 13. d5 exd5 14. Qxd5 Be7
15. Qb3 O-O 16. Nc3 Rb8 17. Rad1 Qa5 18. Rfe1 Be6 19. Rxe6 fxe6 20. Qxe6+ Kh8
21. Rd7 Bf6 22. Nh4 Bxh4 23. gxh4 Qf5 24. Qxf5 Rxf5 25. Be4 Rc5 26. Ne2 Ne5 27.
Re7 Nc4 28. Nf4 Nxb2 29. Bxb7 a5 30. Bd5 Nd1 31. Bb3 Nc3 32. Kg2 a4 33. Bf7 Nb5
34. Ng6+ Kh7 35. Nf4 Rc7 36. Bg6+ Kh8 37. Re4 Nc3 38. Rd4 a3 39. Rd3 Rc4 40.
Kg3 Nxa2 41. Rxa3 Rc3+ 42. Rxc3 Nxc3 43. h5 Kg8 44. f3 Rb6 45. Nd3 Kf8 46. Ne5
Ke7 47. Kg4 Ra6 48. Bd3 Rd6 49. f4 Nd5 50. Bg6 Nf6+ 51. Kf3 Ra6 52. h3 Ra3+ 53.
Kg2 Ke6 54. Nf3 Nd5 55. Kg3 Ra4 56. f5+ Kf6 57. Nh2 Ra3+ 58. Kg4 Ne7 59. Kf4
Ra4+ 60. Kf3 Nxf5 61. Ng4+ Ke6 62. Be8 Ra3+ 63. Kg2 Ne3+ 64. Kf2 Nxg4+ 65. hxg4
Kf6 66. Kg2 Kg5 67. Bd7 Kf4 0-1

[Event "4NCL Division 4 South"]
[Site "Telford, ENG"]
[Date "2016.05.02"]
[Round "11.40"]
[White "Carter, Dominic A"]
[Black "Varma, Varun"]
[Result "0-1"]
[WhiteElo "1660"]
[BlackElo "1847"]
[PlyCount "116"]
[EventDate "2016.05.02"]

1. b3 e6 2. Bb2 Nf6 3. e3 d5 4. Nf3 c5 5. d4 Bd6 6. Nbd2 cxd4 7. Nxd4 a6 8. Be2
Nc6 9. Nxc6 bxc6 10. Nf3 O-O 11. O-O Qe7 12. c4 Rd8 13. Qc2 e5 14. c5 Bc7 15.
Rfe1 Bg4 16. Ng5 Bxe2 17. Rxe2 e4 18. f3 Ng4 19. fxg4 Qxg5 20. Rae1 Qxg4 21.
Qc3 f5 22. Rf2 Rf8 23. Ref1 Bd8 24. Rxf5 Rxf5 25. Rxf5 Bf6 26. Rxf6 gxf6 27. h3
Qg6 28. Qd4 Ra7 29. Qxf6 Qxf6 30. Bxf6 Kf7 31. Bc3 Kg6 32. g4 Rf7 33. Kg2 Rf3
34. Bd2 d4 35. exd4 Rd3 36. Bf4 Rxd4 37. Kf2 Rd5 38. b4 Rd3 39. h4 h5 40. gxh5+
Kxh5 41. Bg5 Ra3 42. Ke2 Ra4 43. Ke3 Rxb4 44. Bf6 Kg6 45. Bc3 Ra4 46. Kf4 Ra3
47. Be1 Rxa2 48. Ke5 Ra1 49. Bf2 Rd1 50. Kxe4 a5 51. Bd4 a4 52. Ke3 a3 53. Bc3
a2 54. Ke4 a1=Q 55. Bxa1 Rxa1 56. Ke5 Rd1 57. Ke6 Rd5 58. Ke7 Kh5 0-1